MDQL
is popping MORE tags! Check the
thread
!
Quizzes
Events
Quiz Creation
Community
Videos
Private Events
Remove Ads
Sign In
Join for FREE
Feedback
Dark Mode
Quiz Categories
Sports
Geography
Music
Movies
Television
Just For Fun
Miscellaneous
History
Literature
Language
Science
Gaming
Entertainment
Religion
Holiday
For Kids
Quiz Lab
Recent
Popular Today
Quiz Kudos Today
Editor Picks
Curator Picks
Quizzes by...
Day
Popularity
Type
Ratings
Length
Year
Community
Subscriptions
Recent Discussions
Orange Saloon
Badges
Playlists
Quests
Create
Leaderboards
Showdown
Live 5
Trivia Bingo
Activity
Puzzle Library
Sporcle Events
Private Events
Virtual Trivia
Globe League
Become a Host
Pub Owners
SporcleCon
Opinionation
Our Games
Videos
Blog
Mobile Apps
Partnerships
Remove Ads and Go Orange
Feedback
Sports
Athletes
MLB
NBA
NHL
NFL
Soccer
Sports Teams
WWE
NCAA
Football
Premier League
Basketball
Baseball
Hockey
Golf
Tennis
Cricket
Rugby
Auto Racing
Olympics
World Cup
Sports
Athletes
MLB
NBA
NHL
NFL
Soccer
Sports Teams
WWE
NCAA
Football
Premier League
Basketball
Baseball
Hockey
Golf
Tennis
Cricket
Rugby
Auto Racing
Olympics
World Cup
Random Quiz
Search Sporcle
×
Quiz Lab
Quiz Lab
Sports
Football
Type in answers that appear in a list
Type in answers that appear in a list
Classic
Best Score? Go Orange.
Premier League Top Scorers by Nationality 2016-17 Stats
Can you name the Premier League Top Scorers by Nationality 2016-17?
By
joshhiscottrugby
5m
43 Questions
378 Plays
378 Plays
378 Plays
Comments
Comments
Give Quiz Kudos
Give Quiz Kudos
-
- Ratings
hide this ad
Replay
Link that replays current quiz
Next Quiz
Link to next quiz in quiz playlist
You Got
0%
They Got
Avg Score
43%
Avg Friend Score
Upgrade to see
Score Distribution
Jump to the score distribution portion of the page
Score
0/43
Timer
05:00
0
Plays Today
Country
Player
% Correct
Belgium
Romelu Lukaku
97.6%
Chile
Alexis Sanchez
97.1%
England
Harry Kane
96.6%
Sweden
Zlatan Ibrahimovic
94.7%
Argentina
Sergio Aguero
92.3%
Spain
Diego Costa
89.4%
Senegal
Sadio Mane
83.1%
South Korea
Heung Min Son
77.8%
Iceland
Gylfi Sigurdsson
74.6%
Brazil
Roberto Firmino
68.5%
France
Olivier Giroud
65.6%
Denmark
Christian Eriksen
61.6%
Venzuela
Salomon Rondon
60.8%
Germany
Mesut Ozil
57.1%
Norway
Joshua King
55.8%
Algeria
Islam Slimani
54.5%
Ecuador
Enner Valencia
54.2%
Austria
Marko Arnautovic
48.4%
Kenya
Victor Wanyama
46.8%
Armenia
Henrikh Mkhitaryan
44.2%
Switzerland
Xherdan Shaqiri
42.6%
Japan
Shinji Okazaki
36.2%
Country
Player
% Correct
New Zealand
Winston Reid
31.5%
Ivory Coast
Wilfred Zaha
30.4%
Ghana
Andre Ayew
28%
Italy
Manolo Gabbiadini
27.2%
Wales
Joe Allen
26.2%
Scotland
Robert Snodgrass
24.6%
Northern Ireland
Gareth McAuley
22.8%
Republic of Ireland
Seamus Coleman
17.7%
Serbia
Dusan Tadic
17.5%
Croatia
Dejan Lovren
15.9%
Cameroon
Joel Matip
14.8%
Netherlands
Leroy Fer
14.3%
Nigeria
Kelechi Iheanacho
14.3%
Canada
Scott Arfield
13.2%
Benin
Rudy Gestede
12.2%
Greece
Jose Holebas
11.9%
Uruguay
Cristian Stuani
11.6%
Democratic Republic of Congo
Benik Afobe
10.6%
Morocco
Sofiane Boufal
10.3%
Gabon
Didider Ndong
9.5%
Colombia
Juan Camilo Zuniga
5.3%
Quiz Playlist
Details
Report
Send in Message
Add To Playlist
Classic:
Type in answers that appear in a list
Last Updated: Apr 13, 2017
Quiz Scoreboard
CHALLENGE
Sign Up to Join the Scoreboard
Show All
Scores
Hide
Comments
May contain spoilers
Recently Published
Find the 'City' Movie
by crazypaving
Movies
60s
5x2 Blitz: Bands
by SL_Kpop136
Music
30s
Colored Red Africa Blitz
by spor1
Geography
30s
More to Explore
Quiz From the Vault
Featured Blog Post
14 Easter Pick-up Lines to Find Eggs With
hide this ad
You Might Also Like...
Tags
Football Quiz
Premier League Quiz
Soccer Quiz
English Soccer
Football League
Goal Scorers
Today's Top Quizzes in Sports
Browse Sports
hide this ad
Today's Top Quizzes in Football
Browse Football
Top Contributed Quizzes in Sports
1
Players with Multiple 50 Home Run Seasons
2
Criteria MLB: Left Handed Sluggers
3
MLB Players with Two .350 Batting Average Seasons
4
Who Hit More Homers?
5
Premier League Clubs since 2000 (minefield)
6
Who Needs Fielders?
7
2020 F1 Drivers Logic Puzzle
8
Les entraîneurs de l'OM et du PSG au 21e siècle
9
Top 10 NHL Goal Scorers of All Time
10
MLB Hall of Famer by Rings
Explore More
Trending Topics
Disney
Harry Potter
Anime
Crossword
Marvel
Kpop
NBA
Pokémon
NFL
Country
Puzzle
Soccer
Song
The Office
WWE
hide this ad
More By:
joshhiscottrugby
Quiz
Plays
Rating
Category
Featured
Created
Did Steven Gerrard win the Premier League?
25,665
3.64
Sports
Apr 8, 2016
Name the Premier League Goalkeeper (Slideshow)
2,572
2.86
Sports
Apr 8, 2016
Premier League 2015-2016 Top Scorer by Nationality
698
4.33
Sports
Apr 7, 2016
Top 3 Goalscorers per Premier League Club 2015-16
485
4.50
Sports
Apr 7, 2016
Premier League Top Scorers by Nationality 2016-17
378
4.00
Sports
Apr 5, 2017
Go to Creator's Profile
Score Distribution
Quiz Creator Spotlight
joshhiscottrugby
Follow
Send a Message
Quizzes Created
-
Created Quiz Play Count
-
More By This Creator
Popular Quizzes Today
1
Find the 'City' Movie
2
Colored Red Africa Blitz
3
5x2 Blitz: Bands
4
Find the US States - No Outlines Minefield
5
The Countries of the World
6
Find the US States
7
US States
8
9x9 Crossword: Cartoon Network
More Sports Quizzes
NFL Top 100 Players (2018)
Curator's Pick
Trending Quizzes
Colored Red Europe Blitz I
Colored Red Africa Blitz II
Colored Red Europe Blitz II
Colored Red Europe Blitz III
Colored Red Africa Blitz III
Recently Updated
Famous TV Couples
Peacemaker
Champions League XIs: Real Madrid
pecheneg
Largest US Cities 1790-2010
pecheneg
Rides in Walt Disney World
pecheneg
Most Oscar Losses (Acting)
pecheneg
Beyoncé Albums
pecheneg
Leaping Animals
pecheneg
Reality TV Shows (A-Z)
bhenderson79
Rickey Henderson's Hall of Fame Teammates
pecheneg
Champions League XIs: Arsenal
pecheneg
Trending Topics
Disney
NBA
Harry Potter
Marvel
Kpop
Crossword
Anime
Soccer
Pokémon
The Office
Country
NFL
Song
Puzzle
WWE
Your Account Isn't Verified!
In order to create a playlist on Sporcle, you need to verify the email address you used during registration. Go to your
Sporcle Settings
to finish the process.
Report this User
Report this user for behavior that violates our
Community Guidelines
.
Details:
Send Report
Go to the Sporcle.com Mobile Site →
Comments